Normal view
MARC view
- Mahroo, Amnah
Entry Personal Name
001 - CONTROL NUMBER
- control field: 17452
003 - CONTROL NUMBER IDENTIFIER
- control field: NUST
005 - DATE AND TIME OF LATEST TRANSACTION
- control field: 20190712072624.0
008 - FIXED-LENGTH DATA ELEMENTS
- fixed length control field: 190712|| aca||aabn | a|a d
040 ## - CATALOGING SOURCE
- Original cataloging agency: NUST
- Transcribing agency: NUST
100 ## - HEADING--PERSONAL NAME
- Personal name: Mahroo, Amnah
670 ## - SOURCE DATA FOUND
- Source citation: Work cat.: (NUST): Mahroo, Amnah, MODULATION OF MOTOR NETWORK CONNECTIVITY DUE TO TONGUE MOVEMENT /, 2017.
